| 000 | 00370 a2200157 4500 | ||
|---|---|---|---|
| 001 | 68407 | ||
| 020 | _a9786556132549 | ||
| 040 | _cAnchieta - Pituba | ||
| 100 | _aAlves, Barbara Muneratti de Souza | ||
| 240 | 1 | 0 |
_aLíngua Portuguesa 6º ano _l |
| 245 | 1 | 0 | _aLíngua Portuguesa 6º ano |
| 300 | _a352 | ||
| 362 | 0 | _a2023 | |
| 650 | 4 | _aLíngua portuguesa | |
| 942 | _cBK | ||
| 999 |
_c68407 _d68407 |
||